000 00461cam a2200181ua 4500
001 11303
008 190907n ii |||gr||||Z||||||asm
020 _a9788131609170
040 _cMAIN
082 _a306.76
100 _a Sonya O. Rose,
_eAuthor.
245 _aWhat is gender history ?
_cBy Sonya O. Rose
260 _aJaipur:
_bRawat Publications,
_c2018.
300 _a157p.
653 _aCulture & institutions
653 _aGender Studies
942 _cBK
999 _c10156
_d10156